000 00481nam a2200169 i 4500
001 63537
003 ES-MaACL
005 20230906164912.0
007 t|
008 031211s1972 sp ||||1| spa d
100 1 _aFerrero, José H.
_950550
245 1 0 _aTecnología de riegos, drenajes y saneamientos /
_cJosé H. Ferrero.
250 _a[1ª ed.].
260 _aMadrid :
_bAlhambra,
_c1972.
300 _aVIII, 201 p. :
_bil. ;
_c23 cm.
852 _aES-MaACL
_jC-43709
_bR.82828
999 _c63537
_d63537